<?xml version="1.0" encoding="UTF-8"?>
<collection xmlns="http://www.loc.gov/MARC21/slim">
 <record>
  <leader>01573pam a22002538a 4500</leader>
  <controlfield tag="001">00023412</controlfield>
  <controlfield tag="005">20171026081022.0</controlfield>
  <controlfield tag="008">110622s2004                  ||||||Viesd</controlfield>
  <datafield tag="041" ind1="0" ind2="#">
   <subfield code="a">Vie</subfield>
  </datafield>
  <datafield tag="082" ind1="1" ind2="4">
   <subfield code="a">512.007 1</subfield>
   <subfield code="b">Đ103S</subfield>
  </datafield>
  <datafield tag="100" ind1="0" ind2="#">
   <subfield code="a">Hoàng Xuân Sính</subfield>
   <subfield code="e">chủ biên</subfield>
  </datafield>
  <datafield tag="245" ind1="0" ind2="0">
   <subfield code="a">Đại số đại cương</subfield>
   <subfield code="b">Giáo trình cao đẵng sư phạm</subfield>
   <subfield code="c">Hoàng Xuân Sính, Trần Phương Dung</subfield>
  </datafield>
  <datafield tag="260" ind1="#" ind2="#">
   <subfield code="a">H.</subfield>
   <subfield code="b">ĐH Sư phạm</subfield>
   <subfield code="c">2004</subfield>
  </datafield>
  <datafield tag="300" ind1="#" ind2="#">
   <subfield code="a">194 tr.</subfield>
   <subfield code="c">24 cm.</subfield>
  </datafield>
  <datafield tag="500" ind1="#" ind2="#">
   <subfield code="a">Bộ GD &amp; ĐT. Dự án đào tạo giáo viên trung học cơ sở</subfield>
  </datafield>
  <datafield tag="650" ind1="#" ind2="4">
   <subfield code="a">Đại số đại cương</subfield>
  </datafield>
  <datafield tag="653" ind1="#" ind2="#">
   <subfield code="a">Giáo trình</subfield>
  </datafield>
  <datafield tag="653" ind1="#" ind2="#">
   <subfield code="a">Toán học</subfield>
  </datafield>
  <datafield tag="852" ind1="#" ind2="#">
   <subfield code="b">Kho giáo trình</subfield>
   <subfield code="j">KGT.0001599</subfield>
  </datafield>
  <datafield tag="852" ind1="#" ind2="#">
   <subfield code="b">Kho mượn</subfield>
   <subfield code="j">KGT.0001599</subfield>
  </datafield>
  <datafield tag="852" ind1="#" ind2="#">
   <subfield code="j">KGT.0001600</subfield>
   <subfield code="j">KGT.0001601</subfield>
   <subfield code="j">KGT.0001603</subfield>
   <subfield code="j">KGT.0001604</subfield>
   <subfield code="j">KGT.0001606</subfield>
   <subfield code="j">KGT.0001609</subfield>
   <subfield code="j">KGT.0001611</subfield>
   <subfield code="j">KGT.0001612</subfield>
   <subfield code="j">KGT.0001614</subfield>
   <subfield code="j">KGT.0001615</subfield>
   <subfield code="j">KGT.0001619</subfield>
   <subfield code="j">KGT.0001620</subfield>
   <subfield code="j">KGT.0001622</subfield>
   <subfield code="j">KGT.0001623</subfield>
   <subfield code="j">KGT.0001625</subfield>
   <subfield code="j">KGT.0001628</subfield>
   <subfield code="j">KGT.0001630</subfield>
   <subfield code="j">KGT.0001631</subfield>
   <subfield code="j">KGT.0001633</subfield>
   <subfield code="j">KGT.0001634</subfield>
   <subfield code="j">KGT.0001638</subfield>
   <subfield code="j">KGT.0001639</subfield>
   <subfield code="j">KGT.0001641</subfield>
   <subfield code="j">KGT.0001642</subfield>
   <subfield code="j">KGT.0001646</subfield>
   <subfield code="j">KGT.0001647</subfield>
   <subfield code="j">KGT.0001599</subfield>
   <subfield code="j">KGT.0001607</subfield>
   <subfield code="j">KGT.0001608</subfield>
   <subfield code="j">KGT.0001616</subfield>
   <subfield code="j">KGT.0001617</subfield>
   <subfield code="j">KGT.0001626</subfield>
   <subfield code="j">KGT.0001627</subfield>
   <subfield code="j">KGT.0001635</subfield>
   <subfield code="j">KGT.0001636</subfield>
   <subfield code="j">KGT.0001644</subfield>
   <subfield code="j">KGT.0001645</subfield>
   <subfield code="j">KGT.0001602</subfield>
   <subfield code="j">KGT.0001605</subfield>
   <subfield code="j">KGT.0001610</subfield>
   <subfield code="j">KGT.0001613</subfield>
   <subfield code="j">KGT.0001618</subfield>
   <subfield code="j">KGT.0001621</subfield>
   <subfield code="j">KGT.0001624</subfield>
   <subfield code="j">KGT.0001629</subfield>
   <subfield code="j">KGT.0001632</subfield>
   <subfield code="j">KGT.0001637</subfield>
   <subfield code="j">KGT.0001640</subfield>
   <subfield code="j">KGT.0001643</subfield>
   <subfield code="j">KGT.0001648</subfield>
   <subfield code="j">KGT.0059254</subfield>
  </datafield>
  <datafield tag="910" ind1="0" ind2="#">
   <subfield code="a">nhnam</subfield>
   <subfield code="d">22/06/2011</subfield>
  </datafield>
  <datafield tag="980" ind1="#" ind2="#">
   <subfield code="a">Trung tâm Học liệu Lê Vũ Hùng, Trường Đại học Đồng Tháp</subfield>
  </datafield>
 </record>
</collection>
